Central Library OPAC University of Rajshahi

تذکره شعرای کشمیر =Tadhkira Shu'rai Kasmir / (Record no. 82277)

MARC details
000 -LEADER
fixed length control field 01759cem a2200313 i 4500
001 - CONTROL NUMBER
control field 82277
003 - CONTROL NUMBER IDENTIFIER
rucl marc code BD-RjUL
005 - DATE AND TIME OF LATEST TRANSACTION
control field 20231113130040.0
008 - FIXED-LENGTH DATA ELEMENTS--GENERAL INFORMATION
fixed length control field 231113s1967 ir bg a f 0 per
035 ## - SYSTEM CONTROL NUMBER
System control number (BD-RjUL)82277
040 ## - CATALOGING SOURCE
Original cataloging agency DLC
Language of cataloging eng
Description conventions rda
Transcribing agency DLC
041 ## - LANGUAGE CODE
Language code of text/sound track or separate title eng
082 ## - DEWEY DECIMAL CLASSIFICATION NUMBER
Edition number 23
Classification number 912.022355
Author mark and year IRA 1967
110 1# - MAIN ENTRY--CORPORATE NAME
Corporate name or jurisdiction name as entry element Iran.
Subordinate unit Sitād-i Artish.
-- Dāyirah-i Jughrāfiyā'ī,
Relator term cartographer.
9 (RLIN) 10020
245 ## - TITLE STATEMENT
Title تذکره شعرای کشمیر =Tadhkira Shu'rai Kasmir /
Statement of responsibility, etc. by Muhammad Aslah Mirza ; سید حسام الدین الرشیدی = Sayyid Hussamuddin Rashidi
246 ## - VARYING FORM OF TITLE
Title proper/short title يادبود جشن فرخنده تاجگذارى اعليحضرت محمد رضا پهلوى آريامهر شاهنشاه ايران و علياحضرت فرح پهلوى شهبانوى ايران.Yādbūd-i jashn-i farkhundah-i tājguz̲ārī-i Aʻlīḥaz̤rat Muḥammad Riz̤ā Pahlavī Āryāmihr shāhanshāh-i Īrān va ʻUlyāḥaz̤rat Faraḥ Pahlavī Shahbānū-yi Īrān./
260 ## - PUBLICATION, DISTRIBUTION, ETC. (IMPRINT)
Place of publication, distribution, etc. Karachi:
Name of publisher, distributor, etc. Iqbal Akademy,
Date of publication, distribution, etc. 1967
264 #1 - PRODUCTION, PUBLICATION, DISTRIBUTION, MANUFACTURE, AND COPYRIGHT NOTICE
Place of production, publication, distribution, manufacture [Tehran] :
Name of producer, publisher, distributor, manufacturer Idārah-i Jughrāfiyāʼī-i Artish-i Shāhanshāhī,اداره جغرافيائى ارتش شاهنشاهى،‏
Date of production, publication, distribution, manufacture, or copyright notice 1346 [1967]
300 ## - PHYSICAL DESCRIPTION
Pagination V . ; 1 map :
Illustrations color ;
Size 48 x 44 cm, sheet 90 x 62 cm
500 ## - GENERAL NOTE
General note "Ābānʹmāh 1346."
General note Relief shown by shading and spot heights.
General note Commemorative map on the coronation of Mohammad Reza Pahlavi.
General note Includes color illustration and king's 12 commandments.
505 ## - FORMATTED CONTENTS NOTE
Formatted contents note Vol.1-.. V.2.-- V.3.--V.4.--
650 ## - SUBJECT ADDED ENTRY--TOPICAL TERM
Topical term or geographic name as entry element Cartes géographiques Iran Iran Maps Maps
9 (RLIN) 10021
651 #0 - SUBJECT ADDED ENTRY--GEOGRAPHIC NAME
Geographic name Iran
Form subdivision Maps.
9 (RLIN) 10022
700 ## - ADDED ENTRY--PERSONAL NAME
Personal name سید حسام الدین , الرشیدی = Rashidi, Sayyid Hussamuddin
942 ## - ADDED ENTRY ELEMENTS (KOHA)
Source of classification or shelving scheme Dewey Decimal Classification
Koha item type Books
Holdings
Lost status Source of classification or shelving scheme Damaged status Not for loan Collection code Permanent Location Current Location Shelving location Date acquired Source of acquisition Cost, normal purchase price Full call number Date last seen Copy number Koha item type
  Dewey Decimal Classification   Not For Loan Non-fiction Central Library, University of Rajshahi Central Library, University of Rajshahi Reading Room 05/03/1969 S.M. Mir 30.00 F 912.022355 IRA V-1 1967 13/11/2023 C-1 Books
  Dewey Decimal Classification   Not For Loan Non-fiction Central Library, University of Rajshahi Central Library, University of Rajshahi Reading Room 05/03/1969 S.M. Mir 30.00 F 912.022355 IRA V-2 1967 13/11/2023 C-1 Books
  Dewey Decimal Classification   Not For Loan Non-fiction Central Library, University of Rajshahi Central Library, University of Rajshahi Reading Room 05/03/1969 S.M. Mir 30.00 F 912.022355 IRA V-3 1967 13/11/2023 C-1 Books
  Dewey Decimal Classification   Not For Loan Non-fiction Central Library, University of Rajshahi Central Library, University of Rajshahi Reading Room 05/03/1969 S.M. Mir 30.00 F 912.022355 IRA V-4 1967 13/11/2023 C-1 Books